1398 1415 1611 1484 1682 1804 1709 1106 1842 1941 1524 1939 1171 1370 1688 1427 1018 1198 1842 1232 1166 1580 1192 1375 1822 1600 1541 1328 1243 1970 1905 1017 1238 1552 1899 1604 1822 1941 1871 1047 1631 1038 1185 1884 1064 1360 1248 1892 1594 1567 1229 1557 1354 1064 1813 1918 1758 1614 1322 1371 1349 1356 1108 1085 1692 1193 1823 1972 1248 1402 1146 1503 1274 1847 1614 1984 1949 1562 1588 1758 1299 1201 1703 1298 1208 1011 1019 1259 1632 1891 1323 1210 1214 1328 1419 1082 1037 1841 1457 BCNSPRNW ULIB Ver.6.0+V

เปลี่ยนเป็นภาษาไทย

Change to English
 แสดงรายละเอียดบรรณานุกรม
  กลับหน้าหลัก

Brief Record : Get Marc (ISO 2709) : E-mail record : QR code < ปิดหน้าต่าง
LEADER : 00000nam 2200000uu 4500
001    13399108248
003     ULIB
008    110224s2551||||th 000 0 tha d
020    9789740692010
060 04 WV200^bล145ร 2551
100 0  ลลิดา เกษมสุวรรณ
245 10 โรคหูทั่วไป /^cลลิดา เกษมสุวรรณ
250    พิมพ์ครั้งที่ 1
260    กรุงเทพฯ :^bเอ็ม.ที.เพรส,^c2551
300    87 หน้า ;^c27 ซม.
650  2 Ear, Diseases
650  7 หู, โรค
650  7 หู^xสรีรวิทยา
945    ^p185^l0^i029774
945    ^p185^l0^i027041
945    ^p185^l0^i027039
945    ^p185^l0^i027040
995    เกษร
999 ^a ใช้งานได้ทุกระบบ
รายการนี้ยังไม่มีแท็ก
คุณยังไม่ได้ล็อกอิน คุณสามารถมีกิจกรรมร่วมกับเว็บไซต์ได้ แต่ต้องล็อกอินก่อน ::
  ล็อกอิน

รายการสื่อสารสนเทศ

ลำดับที่ ประเภท เลขเรียก/บาร์โค้ด สถานที่ สถานะ
- ไม่พบข้อมูล -

รายการใกล้เคียง
    ผู้แต่ง [ลลิดา เกษมสุวรรณ]

    หัวเรื่อง [Ear, Diseases]
    หัวเรื่อง [หู, โรค]

BibComment


ยังไม่เคยถูกคอมเมนท์

คอมเมนท์ทรัพยากรรายการนี้
  คอมเมนท์: โรคหูทั่วไป ลลิ..


 Copyright 2026. Bcnsprnw @Library